American English : (Record no. 7814)
[ view plain ]
| 000 -LEADER | |
|---|---|
| fixed length control field | 00767cam a2200277 4500 |
| 001 - CONTROL NUMBER | |
| control field | 7814 |
| 003 - CONTROL NUMBER IDENTIFIER | |
| rucl marc code | BD-RjUL |
| 005 - DATE AND TIME OF LATEST TRANSACTION | |
| control field | 20211208234459.0 |
| 008 - FIXED-LENGTH DATA ELEMENTS--GENERAL INFORMATION | |
| fixed length control field | 140115s1954 pau 000 0 eng d |
| 035 ## - SYSTEM CONTROL NUMBER | |
| System control number | (OCoLC)576821 |
| System control number | (OCoLC)ocm00576821 |
| System control number | (BD-RjUL)7858 |
| System control number | (NNC)891660 |
| 040 ## - CATALOGING SOURCE | |
| Transcribing agency | UPB |
| Modifying agency | UPB |
| -- | NNC |
| -- | NNC |
| Original cataloging agency | BD-RjUL |
| Language of cataloging | eng |
| 041 ## - LANGUAGE CODE | |
| Language code of text/sound track or separate title | eng |
| 082 00 - DEWEY DECIMAL CLASSIFICATION NUMBER | |
| Classification number | 425 |
| Author mark and year | MYA 1954 |
| 090 ## - LOCALLY ASSIGNED LC-TYPE CALL NUMBER (OCLC); LOCAL CALL NUMBER (OCLC) | |
| Classification number (OCLC) (R) ; Classification number, CALL (RLIN) (NR) | Z1231.D5 |
| Local cutter number (OCLC) ; Book number/undivided call number, CALL (RLIN) | B7 |
| 100 1# - MAIN ENTRY--PERSONAL NAME | |
| Personal name | Myers, L.M |
| Dates associated with a name | 1923- |
| 9 (RLIN) | 24382 |
| 245 10 - TITLE STATEMENT | |
| Title | American English : |
| Remainder of title | A Twentieth-Century Grammar / |
| Statement of responsibility, etc. | by Myers,L.M. |
| 260 ## - PUBLICATION, DISTRIBUTION, ETC. (IMPRINT) | |
| Place of publication, distribution, etc. | New York : |
| Name of publisher, distributor, etc. | Prentice-Hall , |
| Date of publication, distribution, etc. | 1952 [Printing1954] |
| 300 ## - PHYSICAL DESCRIPTION | |
| Pagination | 237 p. ; |
| Size | 22 cm. |
| 504 ## - BIBLIOGRAPHY, ETC. NOTE | |
| Bibliography, etc | Includes Index |
| 650 ## - SUBJECT ADDED ENTRY--TOPICAL TERM | |
| Topical term or geographic name as entry element | English Grammar |
| 9 (RLIN) | 150719 |
| 942 ## - ADDED ENTRY ELEMENTS (KOHA) | |
| Source of classification or shelving scheme | Dewey Decimal Classification |
| Koha item type | Books |
| Lost status | Source of classification or shelving scheme | Damaged status | Not for loan | Collection code | Permanent Location | Current Location | Date acquired | Source of acquisition | Cost, normal purchase price | Total Checkouts | Full call number | Date last seen | Copy number | Koha item type |
|---|---|---|---|---|---|---|---|---|---|---|---|---|---|---|
| Dewey Decimal Classification | Not For Loan | Non-fiction | Central Library, University of Rajshahi | Central Library, University of Rajshahi | 17/09/1957 | Publishers | 18.60 | 425 MYA 1954 | 15/01/2014 | C-1 | Books |